Responses for show #422 - Tuesday, April 22, 1986

Randy Amasia game 1.

Contestants

Susan Sanchez, a schoolteacher originally from Newton Center, Massachusetts

Randy Amasia, an editorial analyst from Los Angeles, California

Kurt Weldon, a comedian and a writer from Beverly Hills, California (whose 2-day cash winnings total $14,200)

Jeopardy! Round responses

PSYCHOLOGY
MINERALS
"MOON"S
BICYCLES
GREECE
STUPID ANSWERS
(Alex: STUPID ANSWERS is a category we have used once before on our program... to great success, I might add.)
    $100 9
(Randy: What is memories?)

memory

RandySusan
    $100 21
(Alex: We’ve got less than a minute to go in the round.)

fool’s gold

Randy
    $100 6
a full moon

Kurt
    $100 15
a skirt

Susan
    $100 7
Athena

Kurt
    $100 1
the Geiger counter

Kurt
    $200 10
the ego

Randy
    $200 22
hardness

Triple Stumper
    $200 11
the moonwalk

Randy
    $200 17
(Randy: What is a unicycle?)

the smallest

Randy
Triple Stumper
    $200 8
eggplant

Susan
    $200 2
26

Randy
    $300 16
word association

Randy
    $300 12
Moonlighting

Randy
    $300 18
(Susan: What is Renault?)

Peugeot

RandySusan
    $300 23
the Balkan Peninsula

Triple Stumper
    $300 3
(Alex: We told you these were stupid answers!)

dinosaur

Randy
    $400 25
Mr. Carlin

Kurt
    $1,000 13
"Moonlight Serenade"

Randy
    $400 19
the United States

Randy
    $400 24
the daughters marry

Triple Stumper
    $400 4
6

Randy
    $500 26
(Kurt: Who is Jung?)

Alfred Adler

Kurt
Triple Stumper
    $500 14
(Susan: What is over the moon?)

Wally Moon

Susan
Triple Stumper
    $500 20
Pee Wee’s Big Adventure

Randy
    $500 27
the Golden Age (or the Age of Pericles)

Randy
    $500 5
"Porky’s Duck Hunt"

Randy

Scores at the first commercial break (after clue 14):

Kurt Randy Susan
$300 $3,000 -$200

Scores at the end of the Jeopardy! Round:

Kurt Randy Susan
$200 $4,900 -$400

Double Jeopardy! Round responses

THE 1960s
COMPOSERS
GOVERNMENT
WORD ORIGINS
INSECTS
THE FUNNIES
    $200 2
vitamins

Randy
    $200 1
Bach, Beethoven & Brahms

Kurt
    $200 17
the House of Representatives

Triple Stumper
    $200 12
the caboose

Randy
    $200 7
M.D.

Randy
    $400 3
telephone prefixes

Kurt
    $400 5
Chopin

Susan
    $400 22
the National Security Council

Kurt
    $400 13
a Petri dish

Kurt
    $400 8
a Great Dane

Kurt
    $600 4
Lew Alcindor (or Kareem Abdul-Jabbar)

Susan
    $600 6
words

Kurt
    $600 23
(Randy: What is the U.S. Attorney?)
...
(Alex: ...about a minute to go in the round.)

the Solicitor General of the U.S.

Randy
Triple Stumper
    $600 14
gung ho

Triple Stumper
    $600 27
wind

Triple Stumper
    $600 9
the kids in the Family Circus

Randy
    $800 20
(Randy: What is "Love Child"?)
(Susan: What is "Ain’t No Mountain Higher"?)

"Someday We’ll Be Together"

RandySusan
Triple Stumper
    $800 18
the color of his hair

Triple Stumper
    $800 24
the Department of Labor

Susan
    $1,000 15
(Kurt: What is a black mark?)

a stigma

Kurt
    $800 10
Herman

Kurt
    $1000 21
Marshall McLuhan

Kurt
    $1000 19
Schubert

Susan
    $1,000 25
the poll tax

Susan
    $1000 16
(Kurt: What is the wrong side of the tracks?)
...
(Alex: …from skid road.)

skid row

Kurt
Triple Stumper
    $1000 26
the tarantula hawk

Triple Stumper
    $1000 11
Mort Walker

Kurt

Scores at the end of the Double Jeopardy! Round:

Kurt Randy Susan
$3,400 $4,700 $2,600

[wagering suggestions for these scores]

Final Jeopardy! Round responses

GAMBLING
SusanWhat is blackjack?
$2,500
KurtWhat is craps?
$100
RandyWhat is blackjack?
$2,200
blackjack

Final scores:

Kurt Randy Susan
$3,300 $6,900 $5,100
3rd place: a Frigidaire 18 cubic-foot refrigerator New champion: $6,900 2nd place: a trip to Jamaica on Eastern Airlines with a week's accomodations at Sandals Resort

Game dynamics:

Coryat scores:

Kurt Randy Susan
$4,400 $4,100 $2,600
13 R,
3 W
(including 1 DD)
18 R
(including 1 DD),
4 W
8 R
(including 1 DD),
3 W

Combined Coryat: $11,100

The J! Archive is created by fans, for fans. The Jeopardy! game show and all elements thereof, including but not limited to copyright and trademark thereto, are the property of Jeopardy Productions, Inc. and are protected under law. This website is not affiliated with, sponsored by, or operated by Jeopardy Productions, Inc. Join the discussion at JBoard.tv.